000 00569nam a2200157 4500
001 138948
003 ES-MaACL
005 20230906195655.0
007 t|
008 070214s1952 fr r ||||1| fre d
100 1 _aSaporta, Marcello.
_9103726
245 1 3 _aLa Conference intergubernamentale de Genéve (18 août 6 septembre 1952) et la Convention Universelle du Droit d'auteur de l'UNESCO (6 septembre 1952) /
_cMarcello Saporta.
260 _aParis :
_bLes Editions Inter-Nationales,
_c1952.
300 _a71 p. ;
_c16 cm.
852 _aES-MaACL
_j1945-F-6
_bR.33077
999 _c138948
_d138948